Ohodnotenie pohľadávok pri cesii
Pohľadávky ako osobitný druh tovaru, s ktorým sa obchoduje formou cesie. Postúpenie pohľadávky. Metóda investorského prístupu. Dve fázy metodiky ohodnotenia pohľadávok pri ich cesii. Základné kategórie metodiky. Výpočet všeobecnej hodnoty pohľadávky. Praktické uplatnenie metodiky ohodnotenia pohľadá...
Gespeichert in:
| 1. Verfasser: | |
|---|---|
| Format: | Buchkapitel |
| Sprache: | Slowakisch |
| Schlagworte: | |
| Tags: |
Keine Tags, Fügen Sie das erste Tag hinzu!
|
MARC
| LEADER | 00000naa$a2200000$$$4500 | ||
|---|---|---|---|
| 001 | 0016760 | ||
| 005 | 20240502071403.2 | ||
| 041 | 0 | |a slo | |
| 044 | |a SK | ||
| 245 | 1 | 0 | |a Ohodnotenie pohľadávok pri cesii |c aut. Anna Harumová |
| 520 | |a Pohľadávky ako osobitný druh tovaru, s ktorým sa obchoduje formou cesie. Postúpenie pohľadávky. Metóda investorského prístupu. Dve fázy metodiky ohodnotenia pohľadávok pri ich cesii. Základné kategórie metodiky. Výpočet všeobecnej hodnoty pohľadávky. Praktické uplatnenie metodiky ohodnotenia pohľadávok pri ich cesii. | ||
| 610 | 2 | 0 | |a pohľadávky |
| 610 | 2 | 0 | |a veritelia |
| 610 | 2 | 0 | |a oceňovanie |
| 610 | 2 | 0 | |a metodika |
| 100 | 1 | |a Harumová, Anna, 1955- | |